Arte y transformaciones sociales en España : (Record no. 195573)

MARC details
000 -LEADER
campo de control de longitud fija 02995nam a2200469 i 4500
001 - NÚMERO DE CONTROL
campo de control 195573
003 - IDENTIFICADOR DE NÚMERO DE CONTROL
campo de control ES-MaACL
005 - FECHA Y HORA DE LA ÚLTIMA TRANSACCIÓN
campo de control 20250825062652.0
008 - DATOS DE LONGITUD FIJA--INFORMACIÓN GENERAL
campo de control de longitud fija 240624e2024 sp a |r |001 0 spa
017 ## - NÚMERO DE COPYRIGHT O DE DEPÓSITO LEGAL
Número de copyright o de depósito legal M 1875-2024
Agencia que asigna Oficina Depósito Legal Madrid
020 ## - NÚMERO INTERNACIONAL ESTÁNDAR DEL LIBRO
Número Internacional Estándar del Libro 978-84-8480-610-3
024 7# - IDENTIFICADOR DE OTROS ESTÁNDARES
Número estándar o código 195-24-006-2
Fuente del número o código nipo
035 ## - NÚMERO DE CONTROL DEL SISTEMA
Número de control de sistema (OCoLC)1440061701
040 ## - FUENTE DE CATALOGACIÓN
Centro catalogador/agencia de origen ES-MaCSI
Lengua de catalogación spa
Centro/agencia transcriptor ES-MaACL
080 ## - NÚMERO DE LA CLASIFICACIÓN DECIMAL UNIVERSAL
Número de la Clasificación Decimal Universal 316.42(460)(083.824)
080 ## - NÚMERO DE LA CLASIFICACIÓN DECIMAL UNIVERSAL
Número de la Clasificación Decimal Universal 316.74:7(083.824)
245 00 - MENCIÓN DEL TÍTULO
Título Arte y transformaciones sociales en España :
Resto del título 1885-1910 /
Mención de responsabilidad, etc. edición a cargo de Javier Barón ; comisario, Javier Barón Thaidigsmann, con la colaboración para la sección de fotografía de Beatriz Sánchez Torija
250 ## - MENCION DE EDICION
Mención de edición 1ª edición
260 ## - PUBLICACIÓN, DISTRIBUCIÓN, ETC.
Lugar de publicación, distribución, etc. Madrid :
Nombre del editor, distribuidor, etc. Museo Nacional del Prado,
Fecha de publicación, distribución, etc. 2024
300 ## - DESCRIPCIÓN FÍSICA
Extensión 448 páginas :
Otras características físicas ilustraciones (color), fotografías (blanco y negro) ;
Dimensiones 30 cm
336 ## - TIPO DE CONTENIDO
Fuente rdacontent
Término de tipo de contenido texto
337 ## - TIPO DE MEDIO
Fuente rdamedia
Nombre/término del tipo de medio sin mediación
338 ## - TIPO DE SOPORTE
Fuente rdacarrier
Nombre/término del tipo de soporte volumen
500 ## - NOTA GENERAL
Nota general Índice
504 ## - NOTA DE BIBLIOGRAFÍA, ETC.
Nota de bibliografía, etc. Bibliografía: páginas 406-424
520 ## - RESUMEN, ETC.
Sumario, etc. En este catálogo se analiza la diversidad en las interpretaciones de todos esos temas, la interrelación entre las distintas técnicas, como la fotografía, la ilustración y la pintura, y la crisis del sistema naturalista de representación tras el triunfo de sus autores más destacados, como los hermanos Jiménez Aranda, Joaquín Sorolla y Ramon Casas. Sus propuestas fueron sustituidas por otras de índole más expresiva, primero a cargo de Darío de Regoyos y, después de 1900, de artistas como Isidre Nonell, Pablo Gargallo y Pablo Picasso. Editado por Javier Barón, quien se ocupa del estudio dedicado a la pintura, el catálogo incluye otros ensayos relacionados con la escultura, a cargo de Leticia Azcue Brea (jefa de Conservación de Escultura y Artes Decorativas), la fotografía, por Beatriz Sánchez Torija (técnica en gestión, Área de Conservación de Dibujos, Estampas y Fotografías) y el ámbito catalán, escrito por Francesc Fontbona (doctor en Historia Moderna). Cada una de las casi 300 obras presentes en la exposición es objeto de un análisis pormenorizado
585 ## - NOTA DE EXPOSICIONES
Nota de exposiciones Exposición: Museo Nacional del Prado, Madrid, 24 de mayo al 22 de septiembre de 2024
650 #4 - PUNTO DE ACCESO ADICIONAL DE MATERIA--TÉRMINO DE MATERIA
Término de materia o nombre geográfico como elemento de entrada Cambio social-
Subdivisión geográfica España-
Subdivisión de forma Exposiciones
9 (RLIN) 237193
650 #7 - PUNTO DE ACCESO ADICIONAL DE MATERIA--TÉRMINO DE MATERIA
Término de materia o nombre geográfico como elemento de entrada Arte y sociedad-
Subdivisión geográfica España
9 (RLIN) 150993
655 #7 - TERMINO DE INDIZACIÓN--GENERO/FORMA
Datos o término principal de género/forma Catálogos de exposiciones
Fuente del término tgfbne
9 (RLIN) 193628
655 #7 - TERMINO DE INDIZACIÓN--GENERO/FORMA
Datos o término principal de género/forma Libros ilustrados
Fuente del término tgfbne
9 (RLIN) 193653
700 0# - ENTRADA AGREGADA--NOMBRE PERSONAL
Nombre de persona Barón, Javier,
Fechas asociadas al nombre 1956-
Término indicativo de función/relación Editor literario
-- Comisario
9 (RLIN) 25770
700 1# - ENTRADA AGREGADA--NOMBRE PERSONAL
Nombre de persona Sánchez Torija, Beatriz
Término indicativo de función/relación Comisario
9 (RLIN) 241796
710 2# - ENTRADA AGREGADA--NOMBRE DE ENTIDAD CORPORATIVA
Nombre de entidad corporativa o nombre de jurisdicción como elemento de entrada Museo Nacional del Prado
Término indicativo de función/relación Sede
-- Editor
9 (RLIN) 160001
852 4# - LOCALIZACIÓN
Ubicación ES-MaACL
Ubicación en estantería Depósito J
Donativo/Legado Donación: Museo Nacional del Prado
Número de control de estantería N-10054
itemnumber 206201
914 ## - NOMBRE ENTIDAD DE DONANTE
RLIN 160001
Nombre de congreso/reunión o jurisdicción como elemento de entrada Museo Nacional del Prado
Unidad subordinada Donante
942 ## - ELEMENTOS DE ENTRADA SECUNDARIOS (KOHA)
Tipo de ítem Koha Libro impreso
Suprimir en OPAC No
Holdings
Estatus retirado Estado de pérdida Fuente del sistema de clasificación o colocación Estado de daño No para préstamo Biblioteca de origen Biblioteca actual Ubicación en estantería Fecha de adquisición Fuente de adquisición Total de préstamos Signatura topográfica completa Código de barras Visto por última vez Precio de reemplazo Tipo de ítem Koha
    Clasificación decimal universal     Biblioteca del Ateneo de Madrid Biblioteca del Ateneo de Madrid Depósito J 10/07/2025 Donación   N-10054 2025-0592 10/07/2025 10/07/2025 Libro impreso